[Event "Konakovo Chervonny op"]
[Site "Konakovo"]
[Date "2011.09.23"]
[Round "3"]
[White "Stoletov, Gennadi"]
[Black "Gavrilov, Yuri"]
[Result "1-0"]
[WhiteElo "2246"]
[BlackElo "2093"]
[PlyCount "95"]
[EventDate "2011.09.22"]
[EventType "swiss"]
[EventRounds "7"]
[EventCountry "RUS"]
[SourceTitle "EXT 2012"]
[Source "ChessBase"]
[SourceDate "2011.11.24"]
[SourceVersion "1"]
[SourceVersionDate "2011.11.24"]
[SourceQuality "1"]

1. e4 c5 2. Nf3 Nc6 3. Bb5 Nd4 4. Nxd4 cxd4 5. 0-0 a6 6. Bc4 e6 7. a4 g6 8. c3 Bg7 9. Qf3 Ne7 10. cxd4 Bxd4 11. Nc3 0-0 12. d3 Nc6 13. Bh6 Bg7 14. Bxg7 Kxg7 15. Qg3 d6 16. Kh1 Nd4 17. f4 f5 18. Qf2 Qf6 19. Rae1 Nc6 20. Qe3 Qd4 21. Qe2 Bd7 22. Qe3 Rae8 23. Qc1 Nb4 24. Ne2 Qb6 25. Qc3+ Kg8 26. exf5 d5 27. fxe6 Bxe6 28. Nd4 Bf7 29. Rxe8 Rxe8 30. Bb5 axb5 31. Qxb4 Re3 32. a5 Qf6 33. Nxb5 Rxd3 34. Nd6 d4 35. Nxf7 Qxf7 36. Qd6 Rd2 37. Re1 d3 38. Kg1 Re2 39. Rd1 Qb3 40. Rxd3 Qxb2 41. Qd8+ Kf7 42. Rd7+ Ke6 43. Qe7+ Kf5 44. Qf7+ Ke4 45. Qd5+ Kxf4 46. Rf7+ Kg4 47. Qf3+ Kg5 48. Qf4+ 1-0

[Event "RUS-ch Seniors"]
[Site "Lesnoj Gorodok"]
[Date "2009.10.04"]
[Round "2"]
[White "Gavrilov, Yuri"]
[Black "Malov, Lev Pavlovich"]
[Result "1-0"]
[WhiteElo "2156"]
[BlackElo "2031"]
[PlyCount "171"]
[EventDate "2009.10.03"]
[EventType "swiss"]
[EventRounds "9"]
[EventCountry "RUS"]
[SourceTitle "CBM 132 Extra"]
[Source "ChessBase"]
[SourceDate "2009.11.03"]
[SourceVersion "1"]
[SourceVersionDate "2009.11.03"]
[SourceQuality "1"]

1. d4 d5 2. c4 e6 3. Nc3 Nf6 4. Nf3 c6 5. Bg5 Bb4 6. cxd5 exd5 7. a3 Bxc3+ 8. bxc3 Qa5 9. Qb3 Ne4 10. Bd2 Nd7 11. e3 0-0 12. Bd3 Ndf6 13. 0-0 Bg4 14. Be1 Bxf3 15. gxf3 Ng5 16. Kg2 Qc7 17. h4 Ne6 18. f4 b5 19. Rg1 Nh5 20. Qc2 g6 21. Kf1 f5 22. Be2 Nhg7 23. f3 Qe7 24. Bf2 a6 25. Kg2 Rae8 26. a4 Nxf4+ 27. exf4 Qxe2 28. Qxe2 Rxe2 29. axb5 axb5 30. Ra6 Rc8 31. Re1 Rxe1 32. Bxe1 Nh5 33. Bd2 Re8 34. Kf2 Re6 35. Ra7 Nf6 36. Bc1 Nh5 37. Bd2 Rf6 38. Bc1 Rf7 39. Ra8+ Rf8 40. Ra6 Rc8 41. Ra7 Ng7 42. Ba3 Ne6 43. Bd6 b4 44. Re7 Nd8 45. Bxb4 Nf7 46. Kg3 Kg7 47. Ra7 Re8 48. Rc7 Re6 49. Rc8 Kf6 50. Kf2 h6 51. Rc7 g5 52. fxg5+ hxg5 53. hxg5+ Nxg5 54. Kg3 Kg6 55. Be7 Kh5 56. Kf4 Nh3+ 57. Kxf5 Re3 58. Bb4 Rxf3+ 59. Ke6 Ng5+ 60. Kd7 Kg4 61. Kxc6 Ne6 62. Rd7 Nf4 63. Rc7 Kf5 64. Kd6 Ke4 65. Re7+ Kd3 66. Re5 Kc4 67. Rf5 Rf2 68. Rf7 Nd3 69. Rc7+ Kb3 70. Kxd5 Nxb4+ 71. cxb4 Kxb4 72. Ke6 Kb5 73. d5 Kb6 74. Rc3 Re2+ 75. Kd7 Rd2 76. d6 Rd1 77. Re3 Rd2 78. Re6 Kb7 79. Kd8 Ra2 80. Kd7 Rd2 81. Re3 Rb2 82. Rc3 Rb1 83. Kd8 Rd1 84. d7 Rb1 85. Re3 Rb2 86. Ke8 1-0

[Event "RUS-ch Seniors"]
[Site "Lesnoj Gorodok"]
[Date "2009.10.03"]
[Round "1"]
[White "Balashov, Yuri S"]
[Black "Gavrilov, Yuri"]
[Result "1-0"]
[WhiteElo "2383"]
[BlackElo "2156"]
[PlyCount "71"]
[EventDate "2009.10.03"]
[EventType "swiss"]
[EventRounds "9"]
[EventCountry "RUS"]
[SourceTitle "CBM 132 Extra"]
[Source "ChessBase"]
[SourceDate "2009.11.03"]
[SourceVersion "1"]
[SourceVersionDate "2009.11.03"]
[SourceQuality "1"]

1. d4 d5 2. c4 c6 3. Nc3 Nf6 4. e3 e6 5. Nf3 Be7 6. Bd3 dxc4 7. Bxc4 Nbd7 8. 0-0 0-0 9. e4 Re8 10. Qe2 Nf8 11. Rd1 Qc7 12. Be3 Ng6 13. Rac1 Qa5 14. a3 Bd7 15. h3 b5 16. Bd3 b4 17. axb4 Qxb4 18. Bd2 Qb8 19. Na4 Nf4 20. Bxf4 Qxf4 21. Ne5 Rec8 22. Nc5 Be8 23. g3 Qh6 24. Kg2 a5 25. Ra1 Bxc5 26. dxc5 Qh5 27. Qxh5 Nxh5 28. Nc4 Rcb8 29. e5 g6 30. Nb6 Rxb6 31. cxb6 Rb8 32. Rxa5 Rxb6 33. Rd2 f6 34. Be2 fxe5 35. Bxh5 gxh5 36. Rd8 1-0

[Event "Konakovo Chervonny op"]
[Site "Konakovo"]
[Date "2009.09.25"]
[Round "2"]
[White "Gavrilov, Yuri"]
[Black "Konovalov, Roman"]
[Result "1/2-1/2"]
[WhiteElo "2156"]
[BlackElo "2076"]
[PlyCount "62"]
[EventDate "2009.09.24"]
[EventType "swiss"]
[EventRounds "7"]
[EventCountry "RUS"]
[SourceTitle "EXT 2012"]
[Source "ChessBase"]
[SourceDate "2011.11.24"]
[SourceVersion "1"]
[SourceVersionDate "2011.11.24"]
[SourceQuality "1"]

1. d4 Nf6 2. c4 g6 3. Nc3 Bg7 4. e4 d6 5. Bd3 0-0 6. Nge2 c6 7. 0-0 e5 8. d5 c5 9. f4 Nbd7 10. f5 a6 11. Ng3 Qe8 12. Bd2 Rb8 13. Qc1 b6 14. Bh6 Bb7 15. Qg5 Bxh6 16. Qxh6 Kh8 17. Rf3 Ng8 18. Qd2 Qe7 19. Raf1 Kg7 20. Nd1 f6 21. Ne3 g5 22. h4 h6 23. hxg5 hxg5 24. Nh5+ Kf7 25. Ng4 Ke8 26. Rh3 Rf7 27. b4 Rh7 28. Rff3 Qf7 29. Be2 Ke7 30. Nh2 Nh6 31. g4 Qg8 1/2-1/2

[Event "Konakovo Chervonny op"]
[Site "Konakovo"]
[Date "2009.09.24"]
[Round "1"]
[White "Meleshko, Anatolij"]
[Black "Gavrilov, Yuri"]
[Result "1/2-1/2"]
[WhiteElo "2115"]
[BlackElo "2156"]
[PlyCount "100"]
[EventDate "2009.09.24"]
[EventType "swiss"]
[EventRounds "7"]
[EventCountry "RUS"]
[SourceTitle "EXT 2012"]
[Source "ChessBase"]
[SourceDate "2011.11.24"]
[SourceVersion "1"]
[SourceVersionDate "2011.11.24"]
[SourceQuality "1"]

1. d4 Nf6 2. c4 d5 3. e3 c6 4. Nc3 e6 5. Nf3 Be7 6. Bd2 0-0 7. b3 Qc7 8. Be2 Nbd7 9. 0-0 Re8 10. Rc1 Nf8 11. Ne5 N6d7 12. Nf3 Nf6 13. Ne5 N6d7 14. f4 Nxe5 15. fxe5 Qd8 16. Bh5 Ng6 17. Rc2 Rf8 18. Bc1 a6 19. Rcf2 Qa5 20. Bd2 Qd8 21. Qc2 Bd7 22. e4 dxc4 23. bxc4 Be8 24. Bxg6 fxg6 25. d5 exd5 26. exd5 Bc5 27. Qe4 Rxf2 28. Rxf2 Qb6 29. Be1 Bd7 30. e6 Rf8 31. Nd1 Be8 32. Kf1 Rxf2+ 33. Bxf2 cxd5 34. cxd5 Bb5+ 35. Kg1 Kf8 36. Qf3+ Ke7 37. Qf7+ Kd6 38. Qf8+ Kxd5 39. e7 Bxf2+ 40. Nxf2 Qe3 41. Qd8+ Kc4 42. h3 Qe1+ 43. Kh2 Qxf2 44. e8Q Bxe8 45. Qxe8 Qf4+ 46. Kh1 Qf6 47. Qc8+ Qc6 48. Qg8+ Kd3 49. Qxh7 Qe4 50. Qxg7 Qc6 1/2-1/2

[Event "Konakovo Chervonny Rating"]
[Site "Konakovo"]
[Date "2007.09.23"]
[Round "2"]
[White "Dzera, Evgeniy"]
[Black "Gavrilov, Yuri"]
[Result "1-0"]
[WhiteElo "2004"]
[BlackElo "2273"]
[PlyCount "111"]
[EventDate "2007.09.22"]
[EventType "tourn"]
[EventRounds "11"]
[EventCountry "RUS"]
[SourceTitle "EXT 2022"]
[Source "ChessBase"]
[SourceDate "2021.10.06"]
[SourceVersion "1"]
[SourceVersionDate "2021.10.06"]
[SourceQuality "1"]

1. b4 d5 2. Bb2 a5 3. a3 axb4 4. axb4 Rxa1 5. Bxa1 Qd6 6. Nc3 c6 7. Qb1 Nf6 8. e3 e5 9. b5 Be7 10. Nf3 0-0 11. Be2 c5 12. d3 d4 13. Nd1 Nbd7 14. c3 b6 15. cxd4 exd4 16. exd4 Re8 17. 0-0 Bb7 18. Ne3 Bd8 19. dxc5 bxc5 20. Re1 Bc7 21. Nc4 Qf4 22. g3 Qh6 23. Qd1 g5 24. Bf1 Rxe1 25. Nxe1 Nd5 26. Qe2 Qe6 27. Qxe6 fxe6 28. Nf3 h6 29. Nfe5 N7f6 30. Bh3 Bc8 31. Nc6 Kf7 32. d4 g4 33. Bg2 Nd7 34. dxc5 Nxc5 35. N4e5+ Bxe5 36. Nxe5+ Ke7 37. Nxg4 Nb3 38. Bb2 h5 39. Ba3+ Kf7 40. Ne5+ Kf6 41. Bb2 Kf5 42. Nc6 Bd7 43. Bf3 Kg5 44. h4+ Kf5 45. Bxh5 Nb6 46. Be2 Na4 47. Bg7 Nbc5 48. h5 Be8 49. h6 Kg6 50. Bd1 Kh7 51. Bc2+ Bg6 52. Bxg6+ Kxg6 53. Ne7+ Kh7 54. g4 Ne4 55. f4 Nd6 56. g5 1-0